| 000 | 00572nam a2200181Ia 4500 | ||
|---|---|---|---|
| 008 | 100921s9999 xx 000 0 und d | ||
| 082 |
_b20709 _a891.463 थ 86 |
||
| 100 | _aकाळे वैजयंती. | ||
| 245 | _aतडा. | ||
| 260 |
_bराजेंद्र प्रकाशन, पुणे. _c1986 |
||
| 300 |
_a158 _bगणेश वितरण,पुणे |
||
| 365 | _b40 | ||
| 520 | _aललित-कादंबरी. | ||
| 630 | _aतडा. | ||
| 650 | _aललित-कादंबरी. | ||
| 730 | _aतडा. | ||
| 942 | _cBOOK | ||
| 999 |
_c769822 _d769819 |
||